Electoral reforms in India (Record no. 493701)

000 -LEADER
fixed length control field 00427cam a22001457a 4500
008 - FIXED-LENGTH DATA ELEMENTS--GENERAL INFORMATION
fixed length control field 180718b1992 xxu||||| |||| 00| 0 eng d
082 ## - DEWEY DECIMAL CLASSIFICATION NUMBER
Classification number F8x54
245 ## - TITLE STATEMENT
Title Electoral reforms in India
Statement of responsibility, etc. edited by Agarala Easwara Reddi and D. Sundar Ram
260 ## - PUBLICATION, DISTRIBUTION, ETC.
Place of publication, distribution, etc. New Delhi
Name of publisher, distributor, etc. Uppal
Date of publication, distribution, etc. 1992
300 ## - PHYSICAL DESCRIPTION
Extent 284p.
650 ## - SUBJECT ADDED ENTRY--TOPICAL TERM
Topical term or geographic name entry element Election law --India
650 ## - SUBJECT ADDED ENTRY--TOPICAL TERM
Topical term or geographic name entry element Elections --India
700 ## - ADDED ENTRY--PERSONAL NAME
Personal name Ram, D. Sundar
700 ## - ADDED ENTRY--PERSONAL NAME
Personal name Reddi, Agarala Easwara
Holdings
Withdrawn status Lost status Damaged status Not for loan Permanent Location Current Location Date acquired Full call number Barcode Date last seen Price effective from Koha item type
        Indian Institute of Public Administration Indian Institute of Public Administration 2018-08-04 F8x54 GR18165 2018-08-04 2018-08-04 GR

Powered by Koha